Malaysia : (Record no. 237)

000 -LEADER
fixed length control field nam a22 a 4500
003 - CONTROL NUMBER IDENTIFIER
control field AKMAL
005 - DATE AND TIME OF LATEST TRANSACTION
control field 20170427153254.0
008 - FIXED-LENGTH DATA ELEMENTS--GENERAL INFORMATION
fixed length control field 170427s2007 my | e bi l001 0 may d
020 ## - INTERNATIONAL STANDARD BOOK NUMBER
International Standard Book Number 9789834291976 (kkrs.) :
Terms of availability RM94.00
020 ## - INTERNATIONAL STANDARD BOOK NUMBER
International Standard Book Number 9789834291976 (kkrs.)
040 ## - CATALOGING SOURCE
Original cataloging agency AKMAL
082 04 - DEWEY DECIMAL CLASSIFICATION NUMBER
Classification number 959.5 CHA
Edition number 22
090 00 - LOCALLY ASSIGNED LC-TYPE CALL NUMBER (OCLC); LOCAL CALL NUMBER (RLIN)
Classification number (OCLC) (R) ; Classification number, CALL (RLIN) (NR) 959.5
Local cutter number (OCLC) ; Book number/undivided call number, CALL (RLIN) CHA
100 0# - MAIN ENTRY--PERSONAL NAME
Personal name Chamil Wariya,
Titles and words associated with a name Dato',
Dates associated with a name 1952-
9 (RLIN) 536
245 10 - TITLE STATEMENT
Title Malaysia :
Remainder of title 50 fakta asas kenegaraan /
Statement of responsibility, etc. Chamil Wariya
246 30 - VARYING FORM OF TITLE
Title proper/short title Lima puluh fakta asas kenegaraan
260 ## - PUBLICATION, DISTRIBUTION, ETC.
Place of publication, distribution, etc. Kuala Lumpur :
Name of publisher, distributor, etc. Media Global Matrix,
Date of publication, distribution, etc. 2007
300 ## - PHYSICAL DESCRIPTION
Extent 346ms. ;
Dimensions 24cm.
500 ## - GENERAL NOTE
General note Mengandungi indeks
500 ## - GENERAL NOTE
General note Koleksi Peribadi YABhg. Tun Ahmad Sarji (2100296)
504 ## - BIBLIOGRAPHY, ETC. NOTE
Bibliography, etc. note Bibliografi : ms. [335]-336
505 ## - FORMATTED CONTENTS NOTE
Formatted contents note 1. Asas kenegaraan -- 2. Institusi pemerintahan -- 3. Lambang kebangsaan
586 ## - AWARDS NOTE
Awards note Pemenang Hadiah Khas Juri Anugerah Kewartawanan Malaysia MPI-Petronas 2005
599 ## - LOCAL NOTE
Local Note DALAM PROSES
651 #0 - SUBJECT ADDED ENTRY--GEOGRAPHIC NAME
Geographic name Malaysia
General subdivision Politics and government
Form subdivision Miscellanea
9 (RLIN) 537
942 ## - ADDED ENTRY ELEMENTS (KOHA)
Source of classification or shelving scheme
Koha item type Book
Holdings
Withdrawn status Lost status Source of classification or shelving scheme Damaged status Not for loan Collection code Home library Current library Shelving location Date acquired Inventory number Total Checkouts Full call number Barcode Date last seen Price effective from Koha item type
          NON-FICTION AKMAL Melaka AKMAL Melaka PINJAMAN 27.04.2017 900498   959.5 CHA 201700608 27.04.2017 27.04.2017 Book
          NON-FICTION AKMAL Melaka AKMAL Melaka PINJAMAN 11.05.2017 303493   338.09595 MID 201705662 11.05.2017 11.05.2017 Book
          NON-FICTION AKMAL Melaka AKMAL Melaka PINJAMAN 11.05.2017 303494   338.09595 MID 201705661 11.05.2017 11.05.2017 Book
Pusat Sumber Maklumat Dato' Haji Sarmin Md Hussin, Akademi Kastam Diraja Malaysia, Melaka
Tel: 06-2331106 | Faks: 06-2313787